000 00295nam a2200121Ia 4500
008 231011s9999 xx 000 0 und d
041 _aeng
100 _aFriedman Thomas L
245 _aHot, Flat and Crowded
260 _bPenguin Books India Pvt Ltd -
_c2008
300 _a438
365 _b150
999 _c897028
_d897028